[Event "Magyar rapid bajnokság"]
[Site "Ajka"]
[Date "2020.07.18"]
[Round "5.11"]
[White "Mihok, Oliver"]
[Black "Seres, Bela"]
[Result "1/2-1/2"]
[WhiteElo "2508"]
[BlackElo "2148"]
[PlyCount "103"]
[EventDate "2020.07.17"]
[EventType "swiss"]
[EventRounds "13"]
[EventCountry "HUN"]

1. e4 e5 2. Nf3 Nf6 3. d4 Nxe4 4. Bd3 d5 5. Nxe5 Nd7 6. Nxd7 Bxd7 7. O-O Qh4 8.
c4 O-O-O 9. c5 g5 10. Nc3 Bg7 11. g3 Qh3 12. Nxe4 dxe4 13. Bxe4 Bb5 14. Bg2 Qf5
15. Qb3 c6 16. Re1 Bxd4 17. Be3 Rhe8 18. Bxd4 Rxe1+ 19. Rxe1 Rxd4 20. Qc3 Qd7
21. Bf3 g4 22. Be4 Bd3 23. Bxd3 Rxd3 24. Qh8+ Kc7 25. Qxh7 Rd1 26. Qe4 Rxe1+
27. Qxe1 Qd5 28. Qc1 f5 29. a3 b6 30. cxb6+ axb6 31. Qf1 Qd2 32. h4 gxh3 33.
Qxh3 Qxb2 34. Qh7+ Kd6 35. Qxf5 c5 36. Qf4+ Kd5 37. Qf3+ Kd6 38. Qd3+ Kc6 39.
g4 Qc1+ 40. Kg2 c4 41. Qe4+ Kb5 42. Qd5+ Ka4 43. Qd6 Qxa3 44. Qxb6 c3 45. Qc6+
Kb3 46. Qd5+ Kb2 47. Qe5 Kb1 48. Qb5+ Qb2 49. Qf1+ Qc1 50. Qb5+ Qb2 51. Qf1+
Qc1 52. Qb5+ 1/2-1/2

[Event "Magyar rapid bajnokság"]
[Site "Ajka"]
[Date "2020.07.18"]
[Round "5.12"]
[White "Horvath, Adam"]
[Black "Fodor, Balazs"]
[Result "1-0"]
[WhiteElo "2496"]
[BlackElo "1981"]
[PlyCount "41"]
[EventDate "2020.07.17"]
[EventType "swiss"]
[EventRounds "13"]
[EventCountry "HUN"]

1. e4 c6 2. Nc3 d5 3. Nf3 Bg4 4. h3 Bxf3 5. Qxf3 e6 6. d4 Nf6 7. Bd3 Bb4 8. e5
Nfd7 9. Qg3 Bf8 10. O-O c5 11. dxc5 a6 12. b4 Nc6 13. Rb1 Ndxe5 14. b5 Nxd3 15.
bxc6 Nxc5 16. cxb7 Rb8 17. Be3 d4 18. Bxd4 Rxb7 19. Bxc5 Rxb1 20. Rxb1 Bxc5 21.
Rb8 1-0

[Event "Magyar rapid bajnokság"]
[Site "Ajka"]
[Date "2020.07.18"]
[Round "5.13"]
[White "Bagi, Mate"]
[Black "Szalanczi, Emil"]
[Result "1-0"]
[WhiteElo "2462"]
[BlackElo "2116"]
[PlyCount "105"]
[EventDate "2020.07.17"]
[EventType "swiss"]
[EventRounds "13"]
[EventCountry "HUN"]

1. e4 c5 2. Nf3 d6 3. d4 cxd4 4. Qxd4 Nf6 5. Nc3 Nc6 6. Bb5 Qa5 7. Qd3 a6 8.
Bxc6+ bxc6 9. O-O Bd7 10. Re1 e5 11. Bg5 Be7 12. Rad1 Rd8 13. Bxf6 gxf6 14. Nh4
Rg8 15. h3 Rg5 16. Qf3 Qb6 17. b3 Be6 18. Rd3 Kf8 19. Red1 Kg8 20. Na4 Qc7 21.
c4 Kh8 22. Nc3 Rdg8 23. Ne2 Qa5 24. R1d2 Qc5 25. Kh2 R8g6 26. Ng3 a5 27. Nxg6+
hxg6 28. Rxd6 Kg7 29. Rxe6 fxe6 30. h4 Rxg3 31. Qxg3 Kf7 32. h5 gxh5 33. Qh3
Bd6 34. Qxh5+ Ke7 35. Qh7+ Ke8 36. Qg6+ Kd7 37. Qf7+ Kc8 38. Qxe6+ Kc7 39. Qxf6
Be7 40. Qf5 Kb6 41. Qc8 Bd6 42. Qe6 Bc7 43. Qh6 Qe7 44. Qe3+ Kb7 45. c5 Qh4+
46. Kg1 Qh5 47. a3 Qf7 48. Qd3 Qf4 49. b4 a4 50. g3 Qg4 51. b5 Ba5 52. bxc6+
Kb8 53. Qb5+ 1-0

[Event "Magyar rapid bajnokság"]
[Site "Ajka"]
[Date "2020.07.18"]
[Round "5.14"]
[White "Terbe, Julianna"]
[Black "Horvath, Jozsef"]
[Result "1-0"]
[WhiteElo "2182"]
[BlackElo "2438"]
[PlyCount "95"]
[EventDate "2020.07.17"]
[EventType "swiss"]
[EventRounds "13"]
[EventCountry "HUN"]

1. d4 b6 2. e4 Bb7 3. Nc3 e6 4. Bd3 Nf6 5. Nf3 Bb4 6. Qe2 c5 7. a3 Bxc3+ 8.
bxc3 c4 9. Bxc4 Nxe4 10. Bb2 Qc7 11. O-O O-O 12. Bd3 d5 13. c4 Nd7 14. cxd5
exd5 15. c4 Rfe8 16. Ne5 Nxe5 17. dxe5 Nc5 18. cxd5 Bxd5 19. Bb5 Re6 20. f4 Rg6
21. g3 Ne4 22. Rac1 Qe7 23. Qd3 Bb7 24. f5 Rg4 25. f6 gxf6 26. exf6 Qd8 27. Qf3
h5 28. Rfd1 Qf8 29. Bc6 Bxc6 30. Rxc6 Rc8 31. Rdc1 Rxc6 32. Rxc6 Qe8 33. Rc1
Ng5 34. Qf5 Qe3+ 35. Kh1 Qe4+ 36. Qxe4 Rxe4 37. h4 Nf3 38. Rf1 Nd2 39. Rf5 Re1+
40. Kg2 Re2+ 41. Kh3 Ne4 42. Bd4 Rd2 43. Be3 Rd3 44. Bf4 Rxa3 45. Rxh5 Nxf6 46.
Rg5+ Kf8 47. Bd6+ Ke8 48. Bxa3 1-0

[Event "Magyar rapid bajnokság"]
[Site "Ajka"]
[Date "2020.07.18"]
[Round "5.15"]
[White "Karacsonyi, Gellert"]
[Black "Mester, Gyula"]
[Result "1/2-1/2"]
[WhiteElo "2167"]
[BlackElo "2426"]
[PlyCount "47"]
[EventDate "2020.07.17"]
[EventType "swiss"]
[EventRounds "13"]
[EventCountry "HUN"]

1. e4 c5 2. Nf3 Nc6 3. d4 cxd4 4. Nxd4 Nf6 5. Nc3 d6 6. f3 e5 7. Nb3 Be7 8. Be3
O-O 9. Qd2 a5 10. Bb5 Na7 11. Bxa7 Rxa7 12. O-O-O Be6 13. Kb1 Ra8 14. g4 Qb8
15. h4 Rd8 16. Qf2 a4 17. Nxa4 d5 18. g5 Nh5 19. exd5 Bxd5 20. Nc3 Bxb3 21.
cxb3 Nf4 22. Rxd8+ Qxd8 23. Rd1 Qa5 24. Rd7 1/2-1/2

[Event "Magyar rapid bajnokság"]
[Site "Ajka"]
[Date "2020.07.18"]
[Round "5.16"]
[White "Csati, Oliver"]
[Black "Kantor, Gergely"]
[Result "0-1"]
[WhiteElo "2141"]
[BlackElo "2424"]
[PlyCount "61"]
[EventDate "2020.07.17"]
[EventType "swiss"]
[EventRounds "13"]
[EventCountry "HUN"]

1. e4 e5 2. Nf3 Nc6 3. Nc3 Nf6 4. d4 exd4 5. Nxd4 Bc5 6. Nxc6 bxc6 7. Bd3 d6 8.
O-O Ng4 9. h3 Ne5 10. Na4 Bb6 11. Nxb6 axb6 12. Be2 O-O 13. b3 Qh4 14. f4 Nd7
15. Bb2 Nc5 16. Qd4 Ne6 17. Qe3 Re8 18. Bd3 Nc5 19. Qf3 Nxd3 20. cxd3 f5 21. e5
d5 22. a3 Ba6 23. Rac1 Qh6 24. Rf2 Qe6 25. d4 Qd7 26. Rfc2 Re6 27. Rc3 h6 28.
Qf2 Rf8 29. Qc2 Bb7 30. Qd3 g5 31. b4 0-1

[Event "Magyar rapid bajnokság"]
[Site "Ajka"]
[Date "2020.07.18"]
[Round "5.17"]
[White "Borhy, Marcell"]
[Black "Fancsy, Imre"]
[Result "1/2-1/2"]
[WhiteElo "2132"]
[BlackElo "2414"]
[PlyCount "89"]
[EventDate "2020.07.17"]
[EventType "swiss"]
[EventRounds "13"]
[EventCountry "HUN"]

1. d4 d5 2. c4 e6 3. Nf3 Nf6 4. g3 Bb4+ 5. Bd2 Be7 6. Bg2 O-O 7. O-O c6 8. Qc2
Nbd7 9. Bf4 b6 10. Rd1 Bb7 11. Ne5 Nh5 12. Bc1 Nhf6 13. Bf4 Nh5 14. Bd2 Nhf6
15. cxd5 cxd5 16. Nc6 Bxc6 17. Qxc6 Rc8 18. Qb5 Qc7 19. Nc3 Qb7 20. Qd3 h6 21.
Rac1 Rfd8 22. Bf4 Nh5 23. Be5 Nhf6 24. Nb5 Nxe5 25. dxe5 Nd7 26. Rxc8 Qxc8 27.
f4 Qc5+ 28. Nd4 Rc8 29. e4 dxe4 30. Bxe4 Nb8 31. a3 a5 32. Kg2 Rd8 33. Bf3 g6
34. Qe4 Kg7 35. Nb3 Qb5 36. Rxd8 Bxd8 37. Qc2 Be7 38. Nd4 Qd7 39. Qc4 Bc5 40.
Nb3 Be7 41. Qd4 Qxd4 42. Nxd4 Bc5 43. Nb3 Be3 44. a4 Nd7 45. Kf1 1/2-1/2

[Event "Magyar rapid bajnokság"]
[Site "Ajka"]
[Date "2020.07.18"]
[Round "5.18"]
[White "Juhasz, Barbara"]
[Black "Csonka, Balazs"]
[Result "1/2-1/2"]
[WhiteElo "2099"]
[BlackElo "2324"]
[PlyCount "38"]
[EventDate "2020.07.17"]
[EventType "swiss"]
[EventRounds "13"]
[EventCountry "HUN"]

1. e4 e5 2. Nf3 Nc6 3. Bb5 a6 4. Ba4 Nf6 5. O-O Be7 6. Bxc6 dxc6 7. d3 Nd7 8.
Nbd2 O-O 9. Nc4 f6 10. Nh4 Nc5 11. Nf5 Kh8 12. Nxe7 Qxe7 13. f4 exf4 14. Bxf4
Ne6 15. Bg3 b6 16. Kh1 c5 17. Ne3 Bb7 18. Qg4 Rad8 19. Rae1 Qd7 1/2-1/2

[Event "Magyar rapid bajnokság"]
[Site "Ajka"]
[Date "2020.07.18"]
[Round "5.19"]
[White "Szelenyi, Norbert"]
[Black "Forgacs, Attila Jr"]
[Result "1-0"]
[WhiteElo "2317"]
[BlackElo "1818"]
[PlyCount "143"]
[EventDate "2020.07.17"]
[EventType "swiss"]
[EventRounds "13"]
[EventCountry "HUN"]

1. Nf3 Nf6 2. g3 g6 3. Bg2 Bg7 4. O-O O-O 5. c4 d6 6. Nc3 Nbd7 7. d3 e5 8. Rb1
a5 9. a3 c6 10. b4 axb4 11. axb4 Qc7 12. Qb3 Kh8 13. Bb2 Nh5 14. Ra1 Rxa1 15.
Rxa1 f5 16. Ra8 Nb6 17. Ra7 Be6 18. b5 Nc8 19. Ra8 c5 20. Ng5 Bg8 21. Nd5 Bxd5
22. Bxd5 Qe7 23. Ne6 Re8 24. Rb8 b6 25. Rb7 Qf6 26. Nxg7 Nxg7 27. Qa4 Rf8 28.
e3 f4 29. exf4 g5 30. Qc2 gxf4 31. Qe2 fxg3 32. hxg3 Qg5 33. Be4 h5 34. Qe3
Qxe3 35. fxe3 Nf5 36. Bxf5 Rxf5 37. Rb8 Rf8 38. d4 exd4 39. exd4 Kh7 40. dxc5
dxc5 41. Kg2 Re8 42. Rb7+ Re7 43. Rxe7+ Nxe7 44. Be5 Kg6 45. Bc7 Nc8 46. Kf3
Kf5 47. Ke3 Ke6 48. Ke4 Kd7 49. Bf4 Ke6 50. Bb8 Ne7 51. Bc7 Nc8 52. Kf4 Kf6 53.
Bd8+ Kg6 54. Ke5 Kf7 55. Kd5 Ke8 56. Bg5 Kd7 57. Bf4 Ne7+ 58. Ke5 Ng6+ 59. Kf5
Nf8 60. Kg5 Ke6 61. Bc7 Nd7 62. Kxh5 Kf6 63. Kg4 Kg6 64. Kf4 Kf6 65. Ke4 Ke6
66. g4 Nf6+ 67. Kf4 Nd7 68. g5 Kf7 69. Kf5 Ke7 70. g6 Kf8 71. Ke6 Ke8 72. g7
1-0

[Event "Magyar rapid bajnokság"]
[Site "Ajka"]
[Date "2020.07.18"]
[Round "5.20"]
[White "Frink, Ferenc"]
[Black "Egresi, Mate"]
[Result "0-1"]
[WhiteElo "2053"]
[BlackElo "2299"]
[PlyCount "100"]
[EventDate "2020.07.17"]
[EventType "swiss"]
[EventRounds "13"]
[EventCountry "HUN"]

1. e4 d6 2. d4 Nf6 3. Bd3 e5 4. c3 d5 5. dxe5 Nxe4 6. Bxe4 dxe4 7. Qxd8+ Kxd8
8. Bf4 Nd7 9. Nd2 Nc5 10. Bg3 Nd3+ 11. Ke2 Nxb2 12. Nxe4 Bf5 13. Ng5 Ke8 14.
N1f3 Rd8 15. Nd4 Bd3+ 16. Ke3 c5 17. Nb3 Bf5 18. Rac1 Be7 19. Ne4 Rd3+ 20. Kf4
Be6 21. Nbxc5 g5+ 22. Nxg5 Bxc5 23. Rb1 Ba3 24. Ne4 Kd8 25. f3 Kc7 26. Bf2 Na4
27. Bd4 Rg8 28. g4 Rd8 29. Rhd1 Rxd1 30. Rxd1 b6 31. Kg5 Bf8 32. f4 Nc5 33. Nd6
Bxd6 34. exd6+ Kc6 35. f5 Bc4 36. Be5 Rg8+ 37. Kf4 Be2 38. Rg1 Nd3+ 39. Ke4
Nxe5 40. Kxe5 Rxg4 41. Rxg4 Bxg4 42. Kf6 Kxd6 43. h4 h5 44. a4 Kd5 45. Kxf7
Bxf5 46. Ke7 Kc4 47. Kd6 Kxc3 48. Kc6 Kb4 49. Kb7 Kxa4 50. Kxa7 b5 0-1

[Event "Magyar rapid bajnokság"]
[Site "Ajka"]
[Date "2020.07.18"]
[Round "5.21"]
[White "Ongut, Tamas Gunes"]
[Black "Zentai, Peter"]
[Result "0-1"]
[WhiteElo "1979"]
[BlackElo "2267"]
[PlyCount "82"]
[EventDate "2020.07.17"]
[EventType "swiss"]
[EventRounds "13"]
[EventCountry "HUN"]

1. d4 d5 2. c4 dxc4 3. e4 Nc6 4. Nf3 Nf6 5. e5 Nd5 6. Bxc4 Nb6 7. Bb3 Bg4 8.
Be3 e6 9. O-O Be7 10. h3 Bh5 11. Nbd2 O-O 12. Rc1 Bg6 13. a3 Rc8 14. Qe2 a6 15.
Ba2 Qd7 16. Rfd1 Nd5 17. Nb3 Rfd8 18. Nc5 Bxc5 19. dxc5 h6 20. b4 Nce7 21. Bb3
Qb5 22. Qxb5 axb5 23. Bd4 Nf4 24. Rd2 Be4 25. Bd1 Nc6 26. Bc3 Rxd2 27. Bxd2 Nd3
28. Rc3 Ndxe5 29. Nxe5 Nxe5 30. Bf4 Nd3 31. Be3 Rd8 32. Be2 c6 33. Bxd3 Bxd3
34. Bf4 f6 35. Bd6 Bc4 36. f4 Kf7 37. Kf2 g5 38. g3 Bd5 39. Re3 Rg8 40. Ke1
gxf4 41. Bxf4 e5 0-1

[Event "Magyar rapid bajnokság"]
[Site "Ajka"]
[Date "2020.07.18"]
[Round "5.22"]
[White "Fekete, Albert"]
[Black "Seres, Lajos"]
[Result "1/2-1/2"]
[WhiteElo "2099"]
[BlackElo "2455"]
[PlyCount "74"]
[EventDate "2020.07.17"]
[EventType "swiss"]
[EventRounds "13"]
[EventCountry "HUN"]

1. Nf3 c5 2. e4 Nc6 3. Bb5 Qb6 4. Qe2 e6 5. c3 Nge7 6. Na3 a6 7. Ba4 Qc7 8. O-O
b5 9. Bc2 e5 10. d4 cxd4 11. cxd4 Nxd4 12. Nxd4 exd4 13. Bb3 Nc6 14. Qh5 g6 15.
Qh4 Bg7 16. Bh6 O-O 17. Bxg7 Kxg7 18. f4 Qd8 19. Qf2 Bb7 20. Bd5 Qb6 21. Rad1
Rac8 22. h4 f6 23. Nc2 Kh8 24. h5 gxh5 25. Nxd4 Nxd4 26. Qxd4 Qxd4+ 27. Rxd4
Bxd5 28. Rxd5 Rc2 29. Rf2 Rfc8 30. Rdd2 Rxd2 31. Rxd2 Rc4 32. e5 Rxf4 33. exf6
Rxf6 34. Rxd7 Rc6 35. Ra7 Kg8 36. b3 h6 37. Kh2 Kf8 1/2-1/2

[Event "Magyar rapid bajnokság"]
[Site "Ajka"]
[Date "2020.07.18"]
[Round "5.23"]
[White "Emodi, Barnabas"]
[Black "Horvath, Kalman"]
[Result "1-0"]
[WhiteElo "2339"]
[BlackElo "2107"]
[PlyCount "165"]
[EventDate "2020.07.17"]
[EventType "swiss"]
[EventRounds "13"]
[EventCountry "HUN"]

1. d4 d5 2. Nf3 c6 3. c4 dxc4 4. e3 Be6 5. a4 Nf6 6. Na3 g6 7. Nxc4 Bg7 8. Be2
O-O 9. O-O Qc7 10. b4 Na6 11. Ba3 Nd5 12. Qd2 Rad8 13. b5 Nb8 14. Rfc1 Bg4 15.
Rab1 Bc8 16. Nce5 f6 17. Nc4 Rfe8 18. Qc2 Qd7 19. Na5 Qc7 20. bxc6 Qxa5 21. c7
Nxc7 22. Qxc7 Qxc7 23. Rxc7 a6 24. Bxe7 Rd7 25. Rxd7 Nxd7 26. Bc4+ Kh8 27. Bd6
Nf8 28. d5 Nd7 29. h3 Bf8 30. Bxf8 Nxf8 31. Nd4 Kg7 32. Rb3 Rd8 33. e4 Re8 34.
f3 Nd7 35. Ne6+ Kh8 36. f4 b6 37. Bd3 Kg8 38. Rc3 g5 39. g3 Nb8 40. Rc7 Bd7 41.
Bc2 Kh8 42. fxg5 fxg5 43. Nxg5 h6 44. Nf7+ Kg7 45. Nd6 Rf8 46. e5 Kg8 47. e6
Rd8 48. exd7 Nxd7 49. Bf5 Nc5 50. Be6+ Nxe6 51. dxe6 Rxd6 52. Rc8+ Kg7 53. e7
Rd1+ 54. Kf2 Rd2+ 55. Ke3 Rd1 56. e8=Q Re1+ 57. Kf4 Rxe8 58. Rxe8 b5 59. axb5
axb5 60. Kf5 b4 61. Rb8 Kf7 62. Rb7+ Ke8 63. Kg6 Kd8 64. Rxb4 Kc7 65. Kxh6 Kc6
66. g4 Kc5 67. Rf4 Kd5 68. g5 Ke5 69. Rf1 Kd5 70. g6 Kd4 71. Kg5 Ke5 72. Rf4
Ke6 73. Re4+ Kd5 74. Kf5 Kd6 75. Re5 Kc6 76. Ke6 Kc7 77. Rc5+ Kb7 78. Kd7 Kb6
79. Kd6 Kb7 80. Rb5+ Ka7 81. Kc7 Ka6 82. Rc5 Ka7 83. Ra5# 1-0

[Event "Magyar rapid bajnokság"]
[Site "Ajka"]
[Date "2020.07.18"]
[Round "5.24"]
[White "Varga, Peter"]
[Black "Persanyi, Barnabas"]
[Result "1/2-1/2"]
[WhiteElo "2323"]
[BlackElo "2019"]
[PlyCount "87"]
[EventDate "2020.07.17"]
[EventType "swiss"]
[EventRounds "13"]
[EventCountry "HUN"]

1. d4 Nf6 2. c4 e6 3. Nf3 b6 4. Nc3 Bb4 5. Qc2 Bb7 6. Bg5 h6 7. Bd2 Bxc3 8.
Bxc3 Ne4 9. e3 Nxc3 10. Qxc3 d6 11. Be2 Nd7 12. O-O O-O 13. Nd2 Nf6 14. Bf3
Bxf3 15. Nxf3 Qe7 16. Rac1 Rfd8 17. Rfd1 Rac8 18. b4 c5 19. dxc5 dxc5 20. b5
Rxd1+ 21. Rxd1 Rd8 22. Qc2 Ne4 23. Rxd8+ Qxd8 24. h3 Nd6 25. Qd3 f6 26. Nd2 Nf7
27. Qxd8+ Nxd8 28. Kf1 Kf7 29. Ke2 Ke7 30. g4 Nf7 31. f4 g5 32. Kd3 Nh8 33. Nf3
Ng6 34. Ke4 Nf8 35. h4 gxh4 36. Nxh4 Kd6 37. f5 Nh7 38. fxe6 Kxe6 39. Nf5 Ng5+
40. Kf4 Nf7 41. Ng7+ Ke7 42. Nf5+ Ke6 43. Ng7+ Ke7 44. Nf5+ 1/2-1/2

[Event "Magyar rapid bajnokság"]
[Site "Ajka"]
[Date "2020.07.18"]
[Round "5.25"]
[White "Acs, Marton"]
[Black "Horvath, Tamas"]
[Result "1/2-1/2"]
[WhiteElo "2014"]
[BlackElo "2320"]
[PlyCount "95"]
[EventDate "2020.07.17"]
[EventType "swiss"]
[EventRounds "13"]
[EventCountry "HUN"]

1. Nf3 c5 2. c4 Nf6 3. d4 cxd4 4. Nxd4 e6 5. Nc3 Bb4 6. Qb3 Na6 7. a3 Be7 8. e4
d6 9. Be2 O-O 10. O-O Nc5 11. Qc2 a6 12. Be3 Qc7 13. f3 b6 14. Rfc1 Bb7 15. b4
Ncd7 16. Qd2 Rac8 17. Nb3 Qb8 18. a4 Rfe8 19. a5 d5 20. exd5 exd5 21. cxd5 Bxb4
22. Bd4 Nxd5 23. Bf1 b5 24. Qb2 Bf8 25. Ne4 Nf4 26. g3 Ne6 27. Bf2 Bxe4 28.
fxe4 Ne5 29. Be2 Nc4 30. Qa2 Qe5 31. Bf3 Nc5 32. Bd4 Qg5 33. Nxc5 Bxc5 34. Bxc5
Qxc5+ 35. Qf2 Qe5 36. Bg2 Rc6 37. Rf1 Rf6 38. Qa7 h6 39. Rxf6 Qxf6 40. Rf1 Qe6
41. Bh3 Qe7 42. Qxa6 Qxe4 43. Qxb5 Ne3 44. Re1 Re5 45. Qe2 Qd4 46. Qf2 f5 47.
a6 Qa7 48. Bf1 1/2-1/2

[Event "Magyar rapid bajnokság"]
[Site "Ajka"]
[Date "2020.07.18"]
[Round "6.1"]
[White "Kozak, Adam"]
[Black "Balog, Imre"]
[Result "1-0"]
[WhiteElo "2438"]
[BlackElo "2626"]
[PlyCount "43"]
[EventDate "2020.07.17"]
[EventType "swiss"]
[EventRounds "13"]
[EventCountry "HUN"]

1. Nf3 Nf6 2. c4 c6 3. Nc3 d5 4. e3 a6 5. Qc2 g6 6. d4 Bg7 7. Bd3 O-O 8. O-O b5
9. cxd5 cxd5 10. Ne5 Bb7 11. Qb3 Nc6 12. Nxc6 Bxc6 13. a4 bxa4 14. Nxa4 Qd6 15.
Bd2 Ng4 16. f4 Rfb8 17. Qc2 Bb5 18. b4 Nh6 19. Nc5 Nf5 20. Ra3 e6 21. Kh1 Qd8
22. Rfa1 1-0

[Event "Magyar rapid bajnokság"]
[Site "Ajka"]
[Date "2020.07.18"]
[Round "6.2"]
[White "Antal, Gergely"]
[Black "Aczel, Gergely"]
[Result "1-0"]
[WhiteElo "2537"]
[BlackElo "2506"]
[PlyCount "69"]
[EventDate "2020.07.17"]
[EventType "swiss"]
[EventRounds "13"]
[EventCountry "HUN"]

1. e4 c5 2. Nf3 d6 3. Bb5+ Bd7 4. Bxd7+ Qxd7 5. c4 e5 6. Nc3 Nc6 7. O-O g6 8.
a3 Bg7 9. b4 Nge7 10. bxc5 dxc5 11. Nd5 O-O 12. d3 Nc8 13. Bh6 Nd6 14. Bxg7
Kxg7 15. Qd2 Rae8 16. Qb2 f6 17. h3 b6 18. Rae1 Kg8 19. Nh2 Nd4 20. f4 exf4 21.
Rxf4 f5 22. e5 Qg7 23. Nf3 Nxf3+ 24. Rxf3 Re6 25. Nf4 Re7 26. Rfe3 Nf7 27. Nd5
Re6 28. Qe2 Nd8 29. a4 Kh8 30. a5 bxa5 31. Qa2 Rfe8 32. Qxa5 Nc6 33. Qxc5 Nxe5
34. d4 f4 35. Rxe5 1-0

[Event "Magyar rapid bajnokság"]
[Site "Ajka"]
[Date "2020.07.18"]
[Round "6.4"]
[White "Kaczur, Florian"]
[Black "Berkes, Ferenc"]
[Result "1/2-1/2"]
[WhiteElo "2454"]
[BlackElo "2688"]
[PlyCount "46"]
[EventDate "2020.07.17"]
[EventType "swiss"]
[EventRounds "13"]
[EventCountry "HUN"]

1. e4 c6 2. Nc3 d5 3. Nf3 Bg4 4. h3 Bxf3 5. Qxf3 e6 6. g3 Nd7 7. d3 g6 8. Bg2
Bg7 9. O-O Ne7 10. Qe2 O-O 11. Nb1 a5 12. Nd2 a4 13. a3 b5 14. f4 b4 15. axb4
Qb6+ 16. Kh2 Qxb4 17. e5 c5 18. Nf3 Ra6 19. Ra2 Rc8 20. Bd2 Qb6 21. c4 dxc4 22.
dxc4 Nc6 23. Bc3 Nd4 1/2-1/2

[Event "Magyar rapid bajnokság"]
[Site "Ajka"]
[Date "2020.07.18"]
[Round "6.5"]
[White "Korpa, Bence"]
[Black "Balogh, Csaba"]
[Result "1/2-1/2"]
[WhiteElo "2427"]
[BlackElo "2653"]
[PlyCount "40"]
[EventDate "2020.07.17"]
[EventType "swiss"]
[EventRounds "13"]
[EventCountry "HUN"]

1. Nf3 d5 2. g3 Bg4 3. Bg2 c6 4. b3 Nf6 5. Bb2 e6 6. O-O Be7 7. c4 O-O 8. d3 a5
9. a3 Nbd7 10. Nbd2 h6 11. Qc2 Bf5 12. Rad1 Bh7 13. Rfe1 Qb6 14. Qc3 Rfd8 15.
e4 Nc5 16. Ne5 Bf8 17. exd5 cxd5 18. d4 Nce4 19. Nxe4 Nxe4 20. Qe3 Nf6 1/2-1/2

[Event "Magyar rapid bajnokság"]
[Site "Ajka"]
[Date "2020.07.18"]
[Round "6.6"]
[White "Ruck, Robert"]
[Black "Banusz, Tamas"]
[Result "0-1"]
[WhiteElo "2453"]
[BlackElo "2614"]
[PlyCount "86"]
[EventDate "2020.07.17"]
[EventType "swiss"]
[EventRounds "13"]
[EventCountry "HUN"]

1. c4 e6 2. Nf3 d5 3. d4 Nf6 4. Nc3 Nbd7 5. Bg5 c6 6. e3 h6 7. Bh4 g5 8. Bg3
Nh5 9. Qc2 Nxg3 10. hxg3 Bg7 11. Bd3 Qe7 12. cxd5 exd5 13. O-O-O Nb6 14. Kb1
Bd7 15. Rc1 O-O 16. Ne5 Be6 17. f4 f5 18. Ng6 Qf6 19. Nxf8 Rxf8 20. Na4 Nc4 21.
Nc5 b5 22. fxg5 hxg5 23. Qe2 Bc8 24. Bxc4 dxc4 25. Qh5 f4 26. gxf4 gxf4 27. Ka1
Bf5 28. Qf3 fxe3 29. Qxe3 Qxd4 30. Qxd4 Bxd4 31. Na6 Bg6 32. Rhf1 Rxf1 33. Rxf1
c3 34. a3 Bd3 35. Rh1 cxb2+ 36. Ka2 c5 37. Rd1 Be4 38. Nc7 a5 39. Nxb5 b1=Q+
40. Rxb1 Bd5+ 41. Rb3 a4 42. Nxd4 cxd4 43. Kb2 Bxb3 0-1

[Event "Magyar rapid bajnokság"]
[Site "Ajka"]
[Date "2020.07.18"]
[Round "6.7"]
[White "Papp, Gabor"]
[Black "Kantor, Gergely"]
[Result "0-1"]
[WhiteElo "2603"]
[BlackElo "2424"]
[PlyCount "62"]
[EventDate "2020.07.17"]
[EventType "swiss"]
[EventRounds "13"]
[EventCountry "HUN"]

1. e4 e5 2. Nf3 Nc6 3. Bb5 a6 4. Ba4 Nf6 5. O-O Be7 6. d3 b5 7. Bb3 O-O 8. a3
d5 9. exd5 Nxd5 10. Nbd2 Bg4 11. Re1 Kh8 12. h3 Bh5 13. a4 Nf4 14. Nf1 Bxf3 15.
gxf3 Nxh3+ 16. Kg2 Qd7 17. axb5 axb5 18. Rxa8 Rxa8 19. c3 Bg5 20. Bxg5 Nxg5 21.
Nh2 Qh3+ 22. Kh1 Rd8 23. Rg1 Qf5 24. Qe2 Nh3 25. Ra1 Nf4 26. Qe4 Qh3 27. Rg1
Nxd3 28. Qe3 Qh4 29. Rg3 f5 30. Kg2 f4 31. Qe4 Nxf2 0-1

[Event "Magyar rapid bajnokság"]
[Site "Ajka"]
[Date "2020.07.18"]
[Round "6.8"]
[White "Szelenyi, Norbert"]
[Black "Erdos, Viktor"]
[Result "0-1"]
[WhiteElo "2317"]
[BlackElo "2580"]
[PlyCount "78"]
[EventDate "2020.07.17"]
[EventType "swiss"]
[EventRounds "13"]
[EventCountry "HUN"]

1. Nf3 g6 2. g3 Bg7 3. d4 c5 4. c3 Qa5 5. d5 Nf6 6. Bg2 d6 7. O-O O-O 8. Re1 b5
9. Bg5 Nbd7 10. e4 Bb7 11. h3 h6 12. Bf4 c4 13. Re2 Nc5 14. Nd4 Rfe8 15. Na3 a6
16. g4 Nd3 17. Bc1 Rad8 18. Nac2 e5 19. Nf3 Nd7 20. Nfe1 Nxc1 21. Qxc1 Nc5 22.
Ne3 Bf6 23. Qc2 Bg5 24. a3 Bc8 25. Rd1 Qc7 26. Nf1 Rf8 27. Ng3 Bf4 28. Bf1 Kh8
29. Ng2 Qe7 30. Nxf4 exf4 31. Nh1 Nd7 32. f3 Ne5 33. Bg2 h5 34. Qd2 Qf6 35. Nf2
hxg4 36. hxg4 Kg7 37. Nh3 g5 38. Rf2 Rh8 39. Kf1 Rh4 0-1

[Event "Magyar rapid bajnokság"]
[Site "Ajka"]
[Date "2020.07.18"]
[Round "6.9"]
[White "Egresi, Mate"]
[Black "Horvath, Adam"]
[Result "1/2-1/2"]
[WhiteElo "2299"]
[BlackElo "2496"]
[PlyCount "89"]
[EventDate "2020.07.17"]
[EventType "swiss"]
[EventRounds "13"]
[EventCountry "HUN"]

1. d4 Nf6 2. c4 e6 3. Nf3 Bb4+ 4. Bd2 a5 5. g3 b6 6. Bg2 Bb7 7. O-O O-O 8. Bf4
Be7 9. Nc3 Ne4 10. Qc2 Nxc3 11. Qxc3 d6 12. Rfd1 Nd7 13. Qc2 f5 14. Ne1 Bxg2
15. Nxg2 Nf6 16. Bg5 Ne4 17. Bxe7 Qxe7 18. f3 Ng5 19. Nf4 e5 20. Nd5 Qf7 21.
dxe5 dxe5 22. c5 Kh8 23. cxb6 cxb6 24. Nxb6 Qa7 25. Qc5 Ne6 26. Qf2 Rad8 27.
Nc4 Qc7 28. b3 Nd4 29. Rd3 f4 30. Rad1 Rde8 31. Nxe5 Nxe2+ 32. Qxe2 Rxe5 33.
Qf2 h6 34. Rd7 Qc6 35. Qd4 Qe6 36. gxf4 Re1+ 37. Rxe1 Qxe1+ 38. Kg2 Qe2+ 39.
Kg3 Qe1+ 40. Kg2 Qe2+ 41. Qf2 Qe6 42. Qd4 Qe2+ 43. Kg3 Qe1+ 44. Kg2 Qe2+ 45.
Kg3 1/2-1/2

[Event "Magyar rapid bajnokság"]
[Site "Ajka"]
[Date "2020.07.18"]
[Round "6.10"]
[White "Zentai, Peter"]
[Black "Bagi, Mate"]
[Result "0-1"]
[WhiteElo "2267"]
[BlackElo "2462"]
[PlyCount "76"]
[EventDate "2020.07.17"]
[EventType "swiss"]
[EventRounds "13"]
[EventCountry "HUN"]

1. d4 Nf6 2. c4 c5 3. d5 e6 4. Nc3 exd5 5. cxd5 d6 6. e4 g6 7. Bd3 Bg7 8. h3 a6
9. a4 Nbd7 10. Nf3 Nh5 11. Bg5 Bf6 12. Be3 Ne5 13. Be2 Nxf3+ 14. Bxf3 Ng7 15.
O-O O-O 16. Qc2 Be5 17. Rab1 Bd7 18. Qd2 f5 19. Bg5 Qa5 20. Rfe1 Rae8 21. Bh6
Rf7 22. Bd1 f4 23. Bg4 Qd8 24. Bxd7 Qxd7 25. f3 Qd8 26. Bxg7 Rxg7 27. Ne2 g5
28. b4 b6 29. bxc5 bxc5 30. Qd3 Qc8 31. Qc4 h5 32. g4 fxg3 33. Kg2 Rf8 34. Rf1
h4 35. Rb6 g4 36. fxg4 Rxf1 37. Kxf1 Qf8+ 38. Ke1 Qf2+ 0-1

[Event "Magyar rapid bajnokság"]
[Site "Ajka"]
[Date "2020.07.18"]
[Round "6.11"]
[White "Almasi, Zoltan"]
[Black "Terbe, Julianna"]
[Result "0-1"]
[WhiteElo "2678"]
[BlackElo "2182"]
[PlyCount "86"]
[EventDate "2020.07.17"]
[EventType "swiss"]
[EventRounds "13"]
[EventCountry "HUN"]

1. Nf3 d5 2. b3 Nf6 3. Bb2 c6 4. g3 Bf5 5. Bg2 e6 6. d3 h6 7. O-O Be7 8. Nbd2
O-O 9. Qe1 Bh7 10. e4 c5 11. Ne5 Nbd7 12. f4 Rc8 13. Kh1 b5 14. Rd1 Nb6 15. g4
Nfd7 16. Ndf3 c4 17. f5 cxb3 18. cxb3 Rc2 19. Rf2 Rxf2 20. Qxf2 Nxe5 21. Nxe5
dxe4 22. Nc6 e3 23. Nxe7+ Qxe7 24. Qxe3 Qh4 25. fxe6 Qxg4 26. Rg1 Qxe6 27. Qxe6
fxe6 28. Bd5 Rf2 29. Bxe6+ Kf8 30. Bd4 Re2 31. Bc5+ Ke8 32. Rxg7 Rxe6 33. Rxh7
Nd5 34. Rxa7 Nf4 35. Kg1 Re1+ 36. Kf2 Nxd3+ 37. Kf3 Nxc5 38. Ra5 Ne6 39. Rxb5
Nd4+ 40. Kf2 Re2+ 41. Kf1 Rxa2 42. Rh5 Ra6 43. b4 Rb6 0-1